000 00436nam a2200181Ia 4500
001 22455
005 20260414150832.0
008 260414t2004||||xx |||||||||||||| ||spa||
041 _aESP
082 _a621.38132
_bS23
100 _aSánchez Montero, R.
_eAUT
245 0 _aTeoría de circuitos de microondas
_b
260 _c2004
300 _a191 páginas :
_ccm.
650 _aTCA
654 _aCET
942 _cLIB
_dJUS
_fJUS
_2ddc
_n
999 _c22455
_d22455